000 00819nam a2200253Ia 4500
003 OSt
005 20220925221330.0
006 a|||||r|||| 00| 0
007 ta
008 220923b |||||||| |||| 00| 0 eng d
020 _a90 247 2198 9
037 _cGeneral Book
040 _aRTL
_cRTL
_beng
041 _2eng
_aeng
082 _aX.7914.N73<----N70, L9
100 _aSideri S Ed.
_9128690
245 0 _aChile, 1970-73
_b Economic development and its international setting
260 _aLondon
_bMartinus Nijhaff
_c1979
300 _axxvi,400p.
_ccm.
490 _aInstitute of Social Studies Series on the Development of Societies, 4
650 _aEconomic Conditions Latin America
942 _hX.7914.N73<----N70, L9
_cGB
_2CC
999 _c573991
_d573991